|
|
|
|
| LEADER |
00706nab a2200193 i 4500 |
| 001 |
acta12158 |
| 005 |
20210722154715.0 |
| 008 |
161015s1982 hu o 0|| hun d |
| 022 |
|
|
|a 0231-1240
|
| 040 |
|
|
|a SZTE Egyetemi Kiadványok Repozitórium
|b hun
|
| 041 |
|
|
|a hun
|
| 100 |
1 |
|
|a Sipka Sándor
|
| 245 |
1 |
3 |
|a Az anyanyelvi és irodalmi nevelés néhány problémája Karácsony Sándor pedagógiai módszerében
|h [elektronikus dokumentum] /
|c Sipka Sándor
|
| 260 |
|
|
|c 1982
|
| 300 |
|
|
|a 91-120
|
| 490 |
0 |
|
|a Tantárgypedagógiai közlemények
|v 2
|
| 695 |
|
|
|a Neveléstudomány
|
| 700 |
0 |
1 |
|a Karácsony Sándor
|e aut
|
| 856 |
4 |
0 |
|u http://acta.bibl.u-szeged.hu/12158/1/tantargyped_002_091-120.pdf
|z Dokumentum-elérés
|